| 000 | 01080cad a22002655a 4500 | ||
|---|---|---|---|
| 001 | L154787 | ||
| 008 | 120118e20120113xxkd f s 000 0 eng d | ||
| 035 | _a(Sirsi) u154787 | ||
| 041 | 0 | _aeng | |
| 110 | 2 |
_aRoyal Institution of Chartered Surveyors _bEconomics _95033 |
|
| 245 | 0 | 0 |
_aRICS global real estate weekly _b13 January 2012 _h[electronic resource] |
| 260 |
_aLondon _bRICS _c2012 |
||
| 490 | 0 |
_aRICS Global Real Estate Weekly _v13 January 2012 |
|
| 520 | _aBrazilian growth to end 2011 on a stronger note. Negative outlook for Euro area construction sector. UK commercial property sector faces renewed challenges. Australian mortgage approvals subdued but rising. | ||
| 590 | _aKA | ||
| 650 | 2 | 4 | _aRICS GLOBAL REAL ESTATE WEEKLY |
| 651 | 4 | _aBrazil | |
| 651 | 4 | _aEurope | |
| 651 | 4 |
_aUnited Kingdom _y |
|
| 651 | 4 | _aAustralia | |
| 690 |
_aCommercial property _96227 |
||
| 690 |
_aResidential property _96266 |
||
| 856 | 4 | 0 |
_uhttps://www.rics.org/site/download_feed.aspx?fileID=11117&fileExtension=PDF _zView the report free of charge at www.rics.org |
| 942 | _n0 | ||
| 999 |
_c113154 _d113154 |
||